000 01691nam a22002774aa4500
003 BOFEUTO
005 20240430174203.0
008 240426t2023 bo gr 000 f spa d
040 _6BOFEUTO
_aBOFEUTO
_cBOFEUTO
041 _aspa
044 _abo
082 _aTE5436
_bAr658a
100 _aArandia Ventura, Fernando Junior
_eautor
245 _aAnálisi en marketing digital para mejorar la presencia de la empresa Droguería Inti S.A. sucursal Oruro en la plataforma Facebook gestión 2023 /
_cFernando Junior Arandia Ventura
260 _aOruro :
_bs/n,
_c2023.
300 _a75 hojas :
_bfig. ;
_c28.5 cm.
500 _aIncluye bibliografía, anexos.
502 _aProyecto de Grado Doble titulación V -- (Licenciatura) Universidad Técnica de Oruro, Facultad de Ciencias Económicas Financieras y Administrativas, Carrera Administración de Empresas, 2023.
520 _aEl objetivo de la investigación del siguiente proyecto, es analizar el marketing digital con el fin de mejorar la presencia de la empresa Droguería INTI S.A. sucursal Oruro en la plataforma Facebook gestión 2023. En la actualidad estar inmersos en el mundo de las redes sociales genera presencia activa de las organizaciones o empresas aun cuando estas estén en el anonimato, sin embargo de acuerdo a los resultados obtenidos al comprobar la hipótesis y la muestra calculada, señala que hacer uso de la plataforma Facebook genera más oportunidades de crecimiento de mercado a la empresa Droguería INTI S.A.
650 _aAdministración
653 _aMarketing digital
653 _aSocial media
653 _aRedes sociales
700 _aSandy Tapia, Verónica
_etutor
942 _2ddc
_cTE
_n0
999 _c15115
_d15115